000 01425cam a22003855a 4500
999 _c21171
_d21143
001 14488273
003 EG-ScBUE
005 20201102111602.0
008 060809t2012 nyua f d 000 0 eng d
020 _a9780194323482 (Volume 3)
020 _a9780194323475 (Volume 2)
035 _a(OCoLC)ocm71126659
040 _aDLC
_beng
_erda
_cDLC
_dEG-ScBUE
_dEG-ScBUE
082 0 4 _a808.042
_bSAV
_222
100 1 _aSavage, Alice,‏
_d1962-
_eauthor.
_939372
245 1 0 _aEffective academic writing /
_cAlice Savage, Patricia Mayer.
250 _aSecond edition.
264 1 _aNew York, NY ;
_aOxford, UK :
_bOxford University Press,
_c[2012]
264 4 _cc2012
300 _a2 volumes :
_billustrations ;
_c28 cm
336 _2rdacontent
_atext
_btxt
337 _2rdamedia
_aunmediated
_bn
338 _2rdacarrier
_avolume
_bnc
500 _aIncludes appendices.
500 _aIncludes glossary.
505 0 _aVolume 2. The short essay -- Volume 3. The researched essay.
650 7 _aEnglish language
_xRhetoric
_vProblems, exercises, etc.
_2BUEsh
_910260
650 7 _aEnglish language
_xParagraphs
_vProblems, exercises, etc.
_2BUEsh
_934104
653 _cFebruary2016
_bHHUUEENN
653 _bHHUUEENN
_cSeptember2016
655 _vReading book
_934232
700 1 _aMayer, Patricia,‏
_d1968-
_eauthor.
_938590
856 4 1 _uwww.effectiveacademicwriting.com
_yStudent online access
942 _2ddc
_e22
_k808.042 LIS
_cBB